| 000 | 00756nam a22002177a 4500 | ||
|---|---|---|---|
| 999 |
_c3641 _d3641 |
||
| 003 | AR-CdUCM | ||
| 008 | 190307b ||||| |||| 00| 0 spa d | ||
| 020 | _a84-7525-095-5 | ||
| 040 |
_aMUNICIPALIDAD PROVINCIAL DEL CUSCO _cBIBLIOTECA MUNICIPAL DEL CUSCO |
||
| 082 |
_a808.8 / _bF78 |
||
| 100 |
_aFournier, Alain _911869 |
||
| 245 | _aEl gran Meaulnes / | ||
| 260 |
_aBuenos aires : _bHyspamerica argentina ediciones, _c1971. |
||
| 300 |
_a255 paginas ; _c20 cm. |
||
| 505 | _aContenido :El pensionista -- La evasión -- Una parada -- El cómico en la escuela --El día de la boda ... | ||
| 650 |
_aNovelas francesas _9571 |
||
| 650 |
_aNovelas locales _911870 |
||
| 700 |
_aGalindo, Cllaudio (traductor) _911871 |
||
| 942 |
_2ddc _cLIBROS |
||
| 945 | _arum | ||